000 00440nam a2200169Ia 4500
003 GCL
008 140319s9999 xx 000 0 eng d
040 _aGCL /
_cGCL
082 0 4 _a759
_bT N
100 1 _aTAYLAR, PAMELA
245 1 0 _aTHE NOTEBOOKS OF LEONARDO DAVINCI /
_cTAYLAR, PAMELA
260 _a[S.N] :
_bMENTOR BOOKS ،
_c1960
650 0 4 _aARTS
650 0 4 _aPAINTERS
650 0 4 _aLEONARDO, LEONARDO DA VINCI
942 _2ddc
_cBK
999 _c19488
_d19488